[Event "Absolutno Mladinsko DP - Fantje do 20 l"]
[Site "?"]
[Date "2011.06.28"]
[Round "?"]
[White "Lucovnik, Tilen"]
[Black "Janzekovic, Klemen"]
[Result "1-0"]
[WhiteElo "1793"]
[BlackElo "1901"]
[PlyCount "77"]
[EventDate "2011.??.??"]
[SourceTitle "OM OTB B 201907"]
[Source "Opening Master"]
[SourceDate "2019.07.06"]
[SourceVersion "2"]
[SourceVersionDate "2019.07.06"]
[SourceQuality "1"]

1. e4 e5 2. Nf3 Nc6 3. c3 d5 4. Qa4 f6 5. Bb5 Nge7 6. O-O dxe4 7. Qxe4 Bf5 8.
Qe2 a6 9. Bxc6+ Nxc6 10. d4 Be7 11. Rd1 exd4 12. Nxd4 Nxd4 13. Rxd4 Qc8 14. Bf4
b5 15. Na3 Kf7 16. Re1 Re8 17. Kf1 c5 18. Rdd1 c4 19. Qf3 g6 20. Qd5+ Kg7 21.
Bd6 Ra7 22. Bxe7 Raxe7 23. Rxe7+ Rxe7 24. h3 Rd7 25. Qf3 Bd3+ 26. Kg1 Re7 27.
Rd2 Qc7 28. Qg3 Re1+ 29. Kh2 Qe7 30. Nc2 Bxc2 31. Rxc2 Rd1 32. Qg4 Qc7+ 33. Qg3
Qd7 34. Re2 Rd3 35. Qg4 Qc7+ 36. g3 f5 37. Qg5 h6 38. Re7+ Kf8 39. Qf6+ 1-0

[Event "SN-2011-0-00355"]
[Site "Lechenicher SchachServer"]
[Date "2011.06.27"]
[Round "?"]
[White "Tobey, Al"]
[Black "Carvalho Guimaraes, Joao Paulo"]
[Result "0-1"]
[WhiteElo "621"]
[BlackElo "1119"]
[PlyCount "46"]
[EventDate "2011.06.15"]

1. e4 e5 2. Nf3 Nc6 3. c3 d5 4. d3 Nf6 5. Nbd2 Be7 6. Be2 a6 7. O-O O-O 8. Re1
h6 9. exd5 Nxd5 10. Nb3 Bf5 11. Be3 Re8 12. Nfd2 Nxe3 13. fxe3 Bxd3 14. Bf3 a5
15. a4 Ra6 16. Ne4 Rb6 17. Nf2 e4 18. Nxe4 Bxe4 19. Bxe4 Qxd1 20. Kf2 Bh4+ 21.
g3 Bxg3+ 22. hxg3 Qxb3 23. Bf3 Ne5 0-1

[Event "SN-2011-0-00355"]
[Site "Lechenicher SchachServer"]
[Date "2011.06.27"]
[Round "?"]
[White "Tobey, Al"]
[Black "Krivosheya, Dmitrij"]
[Result "1-0"]
[WhiteElo "621"]
[BlackElo "650"]
[PlyCount "47"]
[EventDate "2011.06.15"]

1. e4 e5 2. Nf3 Nc6 3. c3 d6 4. Be2 Nf6 5. d3 Be7 6. Nbd2 O-O 7. O-O Nh5 8. Nc4
Nf4 9. Bxf4 exf4 10. g3 Bg5 11. Nxg5 Qxg5 12. Nd2 Ne5 13. Nf3 Nxf3+ 14. Bxf3
Bh3 15. Bg2 Bxg2 16. Kxg2 h5 17. h4 Qe5 18. Qe2 f6 19. d4 Qe6 20. d5 Qd7 21.
Qxh5 f5 22. Rae1 f3+ 23. Qxf3 Rae8 24. Qd3 1-0

[Event "Absolutno Mladinsko DP - Fantje do 20 l"]
[Site "?"]
[Date "2011.06.26"]
[Round "?"]
[White "Skrinjar, Matic"]
[Black "Janzekovic, Klemen"]
[Result "1-0"]
[WhiteElo "2072"]
[BlackElo "1901"]
[PlyCount "80"]
[EventDate "2011.??.??"]
[SourceTitle "OM OTB B 201907"]
[Source "Opening Master"]
[SourceDate "2019.07.06"]
[SourceVersion "2"]
[SourceVersionDate "2019.07.06"]
[SourceQuality "1"]

1. e4 e5 2. Nf3 Nc6 3. c3 Nf6 4. d4 exd4 5. e5 Nd5 6. cxd4 Bb4+ 7. Nbd2 O-O 8.
Bb5 a6 9. Ba4 d6 10. O-O Nce7 11. Ne4 Bg4 12. a3 Ba5 13. Bg5 Bb6 14. Re1 h6 15.
Bh4 Qb8 16. Bb3 Nf5 17. Bg3 Nxg3 18. hxg3 Ne7 19. exd6 Nf5 20. dxc7 Qxc7 21.
Rc1 Qb8 22. Nc5 Qd6 23. Nxb7 Qf6 24. Nc5 Bxc5 25. Rxc5 Rad8 26. Re4 Bxf3 27.
Qxf3 Nxd4 28. Qxf6 gxf6 29. Bd5 Nb5 30. Re7 Kg7 31. a4 Nd6 32. Rcc7 Rc8 33.
Rxc8 Nxc8 34. Rb7 Kg6 35. Kf1 f5 36. Rb8 Re8 37. Bb7 Nd6 38. Rxe8 Nxe8 39. Bxa6
Nc7 40. Bc4 Kf6 1-0

[Event "Absolutno Mladinsko DP - Fantje do 20 l"]
[Site "?"]
[Date "2011.06.26"]
[Round "?"]
[White "Lucovnik, Tilen"]
[Black "Opalic, David"]
[Result "1/2-1/2"]
[WhiteElo "1793"]
[BlackElo "1515"]
[PlyCount "94"]
[EventDate "2011.??.??"]
[SourceTitle "OM OTB B 201907"]
[Source "Opening Master"]
[SourceDate "2019.07.06"]
[SourceVersion "2"]
[SourceVersionDate "2019.07.06"]
[SourceQuality "1"]

1. e4 e5 2. Nf3 Nc6 3. c3 Nf6 4. d4 exd4 5. e5 Nd5 6. cxd4 d6 7. Bb5 Bd7 8. Qe2
Be6 9. O-O a6 10. Bxc6+ bxc6 11. Bd2 Nb6 12. Rc1 Qd7 13. Ng5 Be7 14. Nxe6 fxe6
15. Qf3 Nd5 16. Nc3 Qc8 17. Ne4 h6 18. Rxc6 Qb7 19. Rac1 Rf8 20. Qh5+ Kd7 21.
b3 Qb5 22. Qg4 Rf7 23. R6c4 Qb6 24. Qe2 Qb5 25. Qd1 Qb6 26. Qc2 Rf5 27. exd6
cxd6 28. Be3 Raf8 29. Rc8 Qb7 30. Rxf8 Rxf8 31. Nc3 Rc8 32. Qb2 Nxe3 33. fxe3
Bg5 34. Qf2 Ke8 35. h4 Bf6 36. Ne2 Rxc1+ 37. Nxc1 Qe4 38. Qf3 Qb1 39. Qc6+ Kf7
40. g3 g5 41. h5 Qb2 42. Qb7+ Kf8 43. Qc8+ Ke7 44. Qc7+ Ke8 45. Qc8+ Ke7 46.
Qb7+ Ke8 47. Qc6+ Ke7 1/2-1/2

[Event "Absolutno Mladinsko DP - Fantje do 20 l"]
[Site "?"]
[Date "2011.06.26"]
[Round "?"]
[White "Lucovnik, Tilen"]
[Black "Pridigar, Lovro"]
[Result "1-0"]
[WhiteElo "1793"]
[BlackElo "1500"]
[PlyCount "81"]
[EventDate "2011.??.??"]
[SourceTitle "OM OTB B 201907"]
[Source "Opening Master"]
[SourceDate "2019.07.06"]
[SourceVersion "2"]
[SourceVersionDate "2019.07.06"]
[SourceQuality "1"]

1. e4 e5 2. Nf3 Nc6 3. c3 d5 4. Qa4 Qd7 5. Bb5 f6 6. O-O Nge7 7. Re1 a6 8. d4
Qe6 9. exd5 Nxd5 10. Bxc6+ Qxc6 11. Qxc6+ bxc6 12. dxe5 f5 13. Nd4 c5 14. Nb3
Be7 15. Na3 O-O 16. Be3 Nxe3 17. Rxe3 Rb8 18. Rd1 Be6 19. c4 Rbd8 20. Red3 Rc8
21. f4 c6 22. Na5 Rc7 23. Rb3 Bd8 24. Rd6 Re8 25. Nxc6 Rc8 26. Nxd8 Rcxd8 27.
Rbb6 Bc8 28. Nc2 Rxd6 29. Rxd6 Bb7 30. Ne3 g6 31. Nd5 Kh8 32. Nf6 Re7 33. Rd7
Rxd7 34. Nxd7 Kg7 35. Nxc5 Bc8 36. b4 Kf7 37. Kf2 Ke7 38. Ke3 h6 39. h4 Kf7 40.
Kd4 h5 41. Kd5 1-0

[Event "Ch Chess Club"]
[Site "Omsk (Russia)"]
[Date "2011.06.24"]
[Round "4"]
[White "Adamson, Konstantin"]
[Black "Dobrovolsky, Gennady"]
[Result "1-0"]
[WhiteElo "2182"]
[BlackElo "2049"]
[PlyCount "53"]
[EventDate "2011.??.??"]
[EventRounds "11"]
[EventCountry "RUS"]
[SourceTitle "OM OTB B 201907"]
[Source "Opening Master"]
[SourceDate "2019.07.06"]
[SourceVersion "2"]
[SourceVersionDate "2019.07.06"]
[SourceQuality "1"]

1. e4 e5 2. Nf3 Nc6 3. c3 Nf6 4. d4 d6 5. Bb5 exd4 6. cxd4 Bd7 7. Nc3 Be7 8.
O-O O-O 9. e5 Ne8 10. Re1 Bg4 11. Bxc6 bxc6 12. Qd3 d5 13. h3 Bh5 14. Bf4 Bg6
15. Qa6 c5 16. dxc5 Bxc5 17. Qc6 Bb4 18. Rad1 Bf5 19. Rxd5 Qc8 20. Red1 Bxc3
21. Qxc3 Be6 22. R5d2 c6 23. Nd4 Bd5 24. Rc1 Nc7 25. Nxc6 Bxc6 26. Qxc6 Ne6 27.
Be3 1-0

[Event "OP-2011-0-01615"]
[Site "Lechenicher SchachServer"]
[Date "2011.06.24"]
[Round "?"]
[White "Ventura, Bob"]
[Black "Szczepanski, Zbigniew"]
[Result "0-1"]
[WhiteElo "547"]
[BlackElo "1589"]
[PlyCount "54"]
[EventDate "2011.06.20"]

1. e4 e5 2. Nf3 Nc6 3. c3 d5 4. Qa4 f6 5. d3 Be6 6. Be2 Bd6 7. O-O Nge7 8. Na3
a6 9. b4 b5 10. Qb3 O-O 11. Qd1 d4 12. c4 Bxb4 13. cxb5 Bc3 14. bxc6 Bxa1 15.
Bd2 Qd6 16. Nc4 Bxc4 17. Qxa1 Be6 18. Rc1 Qa3 19. Rb1 Rfb8 20. Bc1 Rxb1 21.
Qxb1 Qxa2 22. Qb2 Qxb2 23. Bxb2 Rb8 24. Ba3 Rb1+ 25. Bf1 Nxc6 26. g3 Bh3 27.
Nd2 Rd1 0-1

[Event "Rhein Main op-A 14th"]
[Site "Bad Homburg"]
[Date "2011.06.23"]
[Round "2"]
[White "Veenstra, Sander"]
[Black "Anders, Eric"]
[Result "0-1"]
[WhiteElo "1927"]
[BlackElo "1720"]
[PlyCount "44"]
[EventDate "2011.06.22"]
[EventType "swiss"]
[EventRounds "7"]
[EventCountry "GER"]
[SourceTitle "EXT 2012"]
[Source "ChessBase"]
[SourceDate "2011.11.24"]
[SourceVersion "1"]
[SourceVersionDate "2011.11.24"]
[SourceQuality "1"]

1. e4 e5 2. Nf3 Nc6 3. c3 Nf6 4. d4 exd4 5. e5 Ne4 6. Qe2 Nc5 7. cxd4 Ne6 8. d5
Ned4 9. Nxd4 Nxd4 10. Qe4 Bb4+ 11. Nc3 c5 12. Be3 Qb6 13. Rd1 Nb5 14. Qc4 a6
15. d6 Qc6 16. Rd5 Nxc3 17. bxc3 b5 18. Qb3 Bxc3+ 19. Ke2 c4 20. Qd1 Bb4 21. g3
Bb7 22. Bg2 Qc8 0-1

[Event "SVM-ch 1011"]
[Site "Bad Godesberg"]
[Date "2011.06.22"]
[Round "1"]
[White "Fuhs, Juergen"]
[Black "Goldenstein, Arnd"]
[Result "1/2-1/2"]
[WhiteElo "2133"]
[BlackElo "2051"]
[PlyCount "119"]
[EventDate "2011.06.22"]
[EventType "swiss"]
[EventRounds "5"]
[EventCountry "GER"]
[SourceTitle "EXT 2012"]
[Source "ChessBase"]
[SourceDate "2011.11.24"]
[SourceVersion "1"]
[SourceVersionDate "2011.11.24"]
[SourceQuality "1"]

1. e4 e5 2. Nf3 Nc6 3. c3 d5 4. Qa4 Bd7 5. exd5 Nd4 6. Qd1 Nxf3+ 7. Qxf3 Nf6 8.
Bc4 Bd6 9. d3 h6 10. Nd2 O-O 11. Ne4 Nxe4 12. dxe4 f5 13. O-O Qh4 14. Bd3 f4
15. Be2 Kh7 16. Qh5 Qf6 17. Bg4 g6 18. Qh3 Bb5 19. Re1 a5 20. Bd2 a4 21. b3
axb3 22. axb3 Rxa1 23. Rxa1 h5 24. c4 Be8 25. Be6 Bf7 26. Bxf7 Rxf7 27. b4 b6
28. Qc3 f3 29. c5 bxc5 30. bxc5 fxg2 31. Be3 Bf8 32. f4 Qh4 33. Qe1 Qxe1+ 34.
Rxe1 exf4 35. Bf2 f3 36. e5 Rf5 37. d6 cxd6 38. cxd6 g5 39. h4 gxh4 40. Bxh4
Kg6 41. Kf2 Rf4 42. Bg3 Kf5 43. Re3 Rg4 44. Rxf3+ Ke4 45. Re3+ Kd4 46. Re1 h4
47. Bh2 Kd5 48. Rd1+ Ke6 49. d7 Bc5+ 50. Kf3 Rg8 51. d8=Q Rxd8 52. Rxd8 g1=Q
53. Bxg1 Bxg1 54. Re8+ Kf5 55. e6 Bc5 56. Rc8 Be7 57. Rc6 Ke5 58. Kg4 Bd8 59.
Ra6 Be7 60. Kh3 1/2-1/2

[Event "FICS rated standard game"]
[Site "FICS freechess.org"]
[Date "2011.06.22"]
[Round "?"]
[White "Fercor"]
[Black "Lurking"]
[Result "0-1"]
[WhiteElo "2152"]
[BlackElo "2492"]
[PlyCount "154"]
[EventDate "2011.??.??"]
[SourceTitle "OM Portal C 201906"]
[Source "Opening Master"]
[SourceDate "2019.06.27"]
[SourceVersion "1"]
[SourceVersionDate "2019.06.27"]
[SourceQuality "1"]

1. e4 e5 2. Nf3 Nc6 3. c3 Nf6 4. d3 Be7 5. c4 O-O 6. Be2 Bc5 7. O-O d6 8. Nc3
Nd4 9. Nxd4 Bxd4 10. Bg5 c6 11. a4 h6 12. Be3 Qa5 13. Bd2 Qc7 14. a5 Be6 15.
Bf3 Qd7 16. Qc2 d5 17. exd5 cxd5 18. Qb3 Rfd8 19. Rac1 dxc4 20. dxc4 Rab8 21.
Qb5 Qe7 22. Rcd1 b6 23. a6 Rbc8 24. Nd5 Bxd5 25. Bxd5 Nxd5 26. cxd5 Rc5 27. Qb3
Qd6 28. Be3 Qxd5 29. Qxd5 Rdxd5 30. b4 Rc4 31. Rc1 Rxb4 32. Rc7 b5 33. Bxd4
exd4 34. Rxa7 Ra4 35. Rd1 d3 36. g3 Ra2 37. h3 Kh7 38. Kg2 Kg6 39. Kf3 Rd6 40.
Rb7 Raxa6 41. Rxb5 Ra2 42. Rb3 Rf6+ 43. Ke3 Re2+ 44. Kxd3 Rfxf2 45. Rf1 Rh2 46.
Rb7 f6 47. Rf4 h5 48. g4 Ra2 49. gxh5+ Kh6 50. Rf3 Ra3+ 51. Ke4 Rxf3 52. Kxf3
Rxh3+ 53. Kg4 Rxh5 54. Rb6 Rg5+ 55. Kh3 Rc5 56. Kg4 Rc4+ 57. Kf5 g6+ 58. Kxf6
Rf4+ 59. Ke5 Rf1 60. Ke4 Kh5 61. Ke3 g5 62. Rb8 Kh4 63. Ke2 Rf6 64. Ke3 g4 65.
Rb7 Kh3 66. Rh7+ Kg2 67. Rd7 g3 68. Rc7 Kg1 69. Rh7 g2 70. Ke2 Re6+ 71. Kd3 Re5
72. Rh6 Kf2 73. Rg6 Re3+ 74. Kd2 Rf3 75. Rg8 g1=Q 76. Rxg1 Kxg1 77. Ke2 Rg3 0-1

[Event "Kstovo Chess Hopes op"]
[Site "Kstovo"]
[Date "2011.06.21"]
[Round "4"]
[White "Belitzky, Dmitri G"]
[Black "Shilnikov, Igor S"]
[Result "1-0"]
[WhiteElo "2003"]
[BlackElo "1901"]
[PlyCount "43"]
[EventDate "2011.06.18"]
[EventType "swiss"]
[EventRounds "9"]
[EventCountry "RUS"]
[SourceTitle "EXT 2012"]
[Source "ChessBase"]
[SourceDate "2011.11.24"]
[SourceVersion "1"]
[SourceVersionDate "2011.11.24"]
[SourceQuality "1"]

1. e4 e5 2. Nf3 Nc6 3. c3 d5 4. Qa4 Qd6 5. Bb5 Bd7 6. exd5 Qxd5 7. O-O Be7 8.
Re1 Nf6 9. c4 Qc5 10. d3 Nd4 11. Bxd7+ Nxd7 12. Nxe5 c6 13. Nxd7 Kxd7 14. Be3
Qb4 15. Qd1 Ne6 16. Nd2 f5 17. Nb3 Bf6 18. Qf3 g6 19. Bd2 Qb6 20. Bc3 Ng5 21.
Qd1 Raf8 22. a3 1-0

[Event "Loeberitz"]
[Site "Loeberitz"]
[Date "2011.06.18"]
[Round "3"]
[White "Proehl, Holger"]
[Black "Naumann, Alexander"]
[Result "0-1"]
[WhiteElo "2403"]
[BlackElo "2544"]
[PlyCount "80"]
[EventDate "2011.06.17"]
[EventType "tourn"]
[EventRounds "5"]
[EventCountry "GER"]
[EventCategory "10"]
[SourceTitle "CBM 142 Extra"]
[Source "ChessBase"]
[SourceDate "2011.06.27"]
[SourceVersion "1"]
[SourceVersionDate "2011.06.27"]
[SourceQuality "1"]

1. e4 e5 2. Nf3 Nc6 3. c3 Nf6 4. d4 Nxe4 5. d5 Ne7 6. Nxe5 Ng6 7. Nxg6 hxg6 8.
Bd3 Nf6 9. Qe2+ Qe7 10. c4 c6 11. Nc3 Qxe2+ 12. Kxe2 Bb4 13. Ne4 cxd5 14. Nxf6+
gxf6 15. cxd5 Rh5 16. a3 Re5+ 17. Kf3 Bc5 18. Bf4 Rxd5 19. Rhe1+ Kf8 20. Be4
Rh5 21. g4 Rh3+ 22. Kg2 Rb3 23. Rad1 d6 24. Bh6+ Kg8 25. Bd5 Rxb2 26. Re7 Be6
27. Bxe6 fxe6 28. Kg3 Bxf2+ 29. Kf3 Bc5 30. h4 Rc8 31. h5 g5 32. Bg7 Rh2 33. h6
f5 34. Rxe6 Rf2+ 35. Kg3 f4+ 36. Kh3 Rf3+ 37. Kg2 Rg3+ 38. Kh1 Rxg4 39. Bd4 f3
40. Bf2 Bxf2 0-1

[Event "GER-ch U10"]
[Site "Oberhof"]
[Date "2011.06.17"]
[Round "10"]
[White "Schroeter, Ron"]
[Black "Wurst, Maximilian"]
[Result "1-0"]
[WhiteElo "1291"]
[BlackElo "964"]
[PlyCount "33"]
[EventDate "2011.06.11"]
[EventType "swiss"]
[EventRounds "11"]
[EventCountry "GER"]
[SourceTitle "CBM 142 Extra"]
[Source "ChessBase"]
[SourceDate "2011.06.27"]
[SourceVersion "1"]
[SourceVersionDate "2011.06.27"]
[SourceQuality "1"]

1. e4 e5 2. Nf3 Nc6 3. c3 Nf6 4. d4 exd4 5. e5 Qe7 6. cxd4 Ne4 7. Bd3 Qb4+ 8.
Kf1 Nxd4 9. Bxe4 Nxf3 10. Bxf3 Qb5+ 11. Qe2 Qc5 12. Nc3 b6 13. Bxa8 Qa5 14. Nd5
c6 15. Qd2 Ba6+ 16. Kg1 Qb5 17. Nc7+ 1-0

[Event "Maastricht Limburg op-A 5th"]
[Site "Maastricht"]
[Date "2011.06.13"]
[Round "7"]
[White "Eulering, Georg"]
[Black "Offringa, Joost"]
[Result "1/2-1/2"]
[WhiteElo "2104"]
[BlackElo "2060"]
[PlyCount "38"]
[EventDate "2011.06.10"]
[EventType "swiss"]
[EventRounds "7"]
[EventCountry "NED"]
[SourceTitle "CBM 142 Extra"]
[Source "ChessBase"]
[SourceDate "2011.06.27"]
[SourceVersion "1"]
[SourceVersionDate "2011.06.27"]
[SourceQuality "1"]

1. e4 e5 2. Nf3 Nc6 3. c3 Nf6 4. d4 exd4 5. e5 Nd5 6. Qb3 Nb6 7. cxd4 d5 8. Bb5
Bd7 9. O-O Be7 10. Nc3 a6 11. Be2 Bg4 12. Be3 O-O 13. h3 Bh5 14. Nh2 Bxe2 15.
Nxe2 Nc4 16. Bc1 f6 17. f4 fxe5 18. dxe5 Bc5+ 19. Kh1 b5 1/2-1/2

[Event "Maastricht Limburg op-A 5th"]
[Site "Maastricht"]
[Date "2011.06.13"]
[Round "6"]
[White "Eulering, Georg"]
[Black "Dorr, Yannick"]
[Result "1-0"]
[WhiteElo "2104"]
[BlackElo "1917"]
[PlyCount "71"]
[EventDate "2011.06.10"]
[EventType "swiss"]
[EventRounds "7"]
[EventCountry "NED"]
[SourceTitle "CBM 142 Extra"]
[Source "ChessBase"]
[SourceDate "2011.06.27"]
[SourceVersion "1"]
[SourceVersionDate "2011.06.27"]
[SourceQuality "1"]

1. e4 e5 2. Nf3 Nc6 3. c3 Nf6 4. d4 exd4 5. e5 Nd5 6. Qb3 Nb6 7. cxd4 Bb4+ 8.
Nc3 O-O 9. Bd3 h6 10. O-O Bxc3 11. bxc3 d6 12. exd6 cxd6 13. h3 Qf6 14. Nh2 Be6
15. Qb5 Rac8 16. Ng4 Qh4 17. Ne3 Ne7 18. Bd2 Rc7 19. f4 Rfc8 20. f5 Bd7 21. Qb3
Bc6 22. f6 gxf6 23. Ng4 Bd5 24. Qc2 Bc4 25. Nxf6+ Kh8 26. Bxc4 Ng6 27. Bxf7
Rxf7 28. Qxg6 Rg7 29. Qxh6+ Qxh6 30. Bxh6 Rg6 31. Ng4 Rxc3 32. Rac1 Rg3 33.
Rf8+ Rg8 34. Rxg8+ Kxg8 35. Be3 Nd5 36. Kf2 1-0

[Event "Maastricht Limburg op-A 5th"]
[Site "Maastricht"]
[Date "2011.06.13"]
[Round "1"]
[White "Broekmeulen, Jasper"]
[Black "Cornelisse, Johnny JA"]
[Result "1-0"]
[WhiteElo "2390"]
[BlackElo "2210"]
[PlyCount "65"]
[EventDate "2011.06.10"]
[EventType "swiss"]
[EventRounds "7"]
[EventCountry "NED"]
[SourceTitle "CBM 142 Extra"]
[Source "ChessBase"]
[SourceDate "2011.06.27"]
[SourceVersion "1"]
[SourceVersionDate "2011.06.27"]
[SourceQuality "1"]

1. e4 e5 2. Nf3 Nc6 3. c3 d5 4. Qa4 f6 5. Bb5 Nge7 6. exd5 Qxd5 7. d4 Bd7 8.
Be3 a6 9. c4 Qf7 10. d5 Nb8 11. Bxd7+ Nxd7 12. Nc3 Nf5 13. O-O Be7 14. b4 Rd8
15. c5 O-O 16. Rad1 Rfe8 17. a3 Qg6 18. c6 Nxe3 19. fxe3 bxc6 20. Qxc6 Bd6 21.
e4 Nf8 22. Rde1 Qh6 23. Qxa6 Ra8 24. Qc6 Ng6 25. g3 Qh3 26. Nb5 Ne7 27. Qc4 Rf8
28. Rf2 Qg4 29. Kg2 Ng6 30. Ng1 Nf4+ 31. Kh1 Nh5 32. Qe2 Qg6 33. Rf5 1-0

[Event "Maastricht Limburg op-C 5th"]
[Site "Maastricht"]
[Date "2011.06.12"]
[Round "5"]
[White "Huzen, Maron"]
[Black "De Lange, Marieke"]
[Result "1-0"]
[WhiteElo "1387"]
[BlackElo "1254"]
[PlyCount "59"]
[EventDate "2011.06.10"]
[EventType "swiss"]
[EventRounds "7"]
[EventCountry "NED"]
[SourceTitle "EXT 2012"]
[Source "ChessBase"]
[SourceDate "2011.11.24"]
[SourceVersion "1"]
[SourceVersionDate "2011.11.24"]
[SourceQuality "1"]

1. e4 e5 2. Nf3 Nc6 3. c3 Nf6 4. Qc2 d5 5. exd5 Nxd5 6. Bc4 g6 7. Qe4 Be6 8.
Bb5 Nde7 9. Qxe5 Qd5 10. Qxh8 Qe4+ 11. Be2 Bc4 12. O-O Qxe2 13. Re1 Qd3 14. b3
Ba6 15. Nd4 O-O-O 16. b4 Nxd4 17. cxd4 Nf5 18. Qe5 Bg7 19. Qe4 Rxd4 20. Qxd3
Rxd3 21. Nc3 Bxc3 22. dxc3 Rxc3 23. Bb2 Rc4 24. Rad1 c5 25. bxc5 Rxc5 26. Re8+
Kc7 27. g4 Nd6 28. Be5 Kd7 29. Bxd6 Kxe8 30. Bxc5 1-0

[Event "I TANCAT MC D'ESCACS "]
[Site "Mollet del Vallčs (Spain)"]
[Date "2011.06.11"]
[Round "8.1"]
[White "Amores Gago, Javier"]
[Black "Rojano Alfonso, Carlos"]
[Result "1/2-1/2"]
[WhiteElo "1892"]
[BlackElo "2011"]
[PlyCount "77"]
[EventDate "2011.04.30"]
[EventRounds "9"]
[EventCountry "ESP"]
[SourceTitle "OM OTB B 201907"]
[Source "Opening Master"]
[SourceDate "2019.07.06"]
[SourceVersion "2"]
[SourceVersionDate "2019.07.06"]
[SourceQuality "1"]

1. e4 e5 2. Nf3 Nc6 3. c3 d5 4. Qa4 dxe4 5. Nxe5 Qd5 6. Nxc6 bxc6 7. Bc4 Qd6 8.
O-O Nf6 9. Re1 Be7 10. d3 Ng4 11. g3 Qf6 12. Qc2 exd3 13. Bxd3 Ne5 14. Be4 Bh3
15. f4 Ng4 16. b4 Rd8 17. Bb2 Qd6 18. Qe2 c5 19. Kh1 O-O 20. Bf5 Nf2+ 21. Qxf2
Bxf5 22. b5 Bf6 23. Na3 Qd3 24. Re3 Qd5+ 25. Kg1 Rde8 26. c4 Qd6 27. Bxf6 Rxe3
28. Qxe3 Qxf6 29. Rd1 Qb2 30. Rd2 Qc1+ 31. Kg2 Be4+ 32. Kh3 Qf1+ 33. Kh4 Bf5
34. g4 Be6 35. Re2 g6 36. Kg3 h5 37. Re1 h4+ 38. Kxh4 Qg2 39. Qe2 1/2-1/2

[Event "SLO-chT"]
[Site "Slovenia"]
[Date "2011.06.11"]
[Round "8"]
[White "Praznik, Anton"]
[Black "Sakelsek, Tadej"]
[Result "1-0"]
[WhiteElo "2175"]
[BlackElo "2413"]
[PlyCount "35"]
[EventDate "2011.05.27"]
[EventType "team-tourn"]
[EventRounds "9"]
[EventCountry "SLO"]
[SourceTitle "CBM 142 Extra"]
[Source "ChessBase"]
[SourceDate "2011.06.27"]
[SourceVersion "1"]
[SourceVersionDate "2011.06.27"]
[SourceQuality "1"]
[WhiteTeam "Vrhnika"]
[BlackTeam "Maribor"]
[WhiteTeamCountry "SLO"]
[BlackTeamCountry "SLO"]

1. e4 e5 2. Nf3 Nc6 3. c3 d5 4. Qa4 f6 5. Bb5 Nge7 6. exd5 Qxd5 7. d4 exd4 8.
cxd4 Be6 9. Nc3 Qd7 10. O-O Nd5 11. Re1 Be7 12. Bd2 Nb6 13. Bxc6 bxc6 14. Qc2
Kf7 15. Rac1 Rae8 16. Ne4 Bd5 17. a3 Rhf8 18. Neg5+ 1-0

[Event "Fast Ladder"]
[Site "http://gameknot.com/chess.pl?"]
[Date "2011.06.11"]
[Round "?"]
[White "Oregonchessguy"]
[Black "Dawnjones"]
[Result "0-1"]
[WhiteElo "2162"]
[BlackElo "2397"]
[PlyCount "76"]
[EventDate "2011.??.??"]
[SourceTitle "OM Portal C 201906"]
[Source "Opening Master"]
[SourceDate "2019.06.27"]
[SourceVersion "1"]
[SourceVersionDate "2019.06.27"]
[SourceQuality "1"]

1. e4 e5 2. Nf3 Nc6 3. c3 Nf6 4. d4 d6 5. Bb5 Bd7 6. O-O Be7 7. Re1 O-O 8. d5
Nb8 9. Bxd7 Nbxd7 10. c4 c6 11. Nc3 cxd5 12. Nxd5 Nxd5 13. Qxd5 Qc7 14. b3 Qc6
15. Ba3 Qxd5 16. cxd5 Rfc8 17. Rac1 a5 18. Nd2 b5 19. Kf1 Bg5 20. Ke2 b4 21.
Bb2 Nc5 22. Rc4 f6 23. Rb1 Kf7 24. h3 Rcb8 25. Nf3 Bh6 26. Nh4 g6 27. Nf3 a4
28. Kd1 Kg8 29. Kc2 Rc8 30. Re1 Nb7 31. Kb1 Rxc4 32. bxc4 Nc5 33. Kc2 b3+ 34.
axb3 axb3+ 35. Kc3 Rb8 36. Ba3 Na4+ 37. Kd3 b2 38. Kc2 Bc1 0-1

[Event "44. LSS No Engine Cup Preliminary 1"]
[Site "Lechenicher SchachServer"]
[Date "2011.06.11"]
[Round "?"]
[White "Werner, Guenter"]
[Black "Lubas, Józef"]
[Result "0-1"]
[WhiteElo "1227"]
[BlackElo "2299"]
[PlyCount "62"]
[EventDate "2011.06.12"]

1. e4 e5 2. Nf3 Nc6 3. c3 d5 4. Qa4 Bd7 5. d3 Nd4 6. Qd1 Nxf3+ 7. Qxf3 Nf6 8.
h3 Bc6 9. Nd2 g6 10. Qe3 Qe7 11. c4 dxe4 12. d4 exd4 13. Qxd4 Bh6 14. Nxe4 Bxc1
15. Rxc1 Bxe4 16. Qe3 O-O-O 17. Rc3 Qd6 18. Bd3 Bxd3 19. Rxd3 Qxd3 20. Qxd3
Rxd3 21. O-O Rhd8 22. f3 Rd1 23. b3 Rxf1+ 24. Kxf1 Rd2 25. a4 a5 26. h4 Nd7 27.
g4 Nc5 28. h5 g5 29. Ke1 Nxb3 30. Kf1 Nd4 31. Ke1 Nxf3+ 0-1

[Event "44. LSS No Engine Cup Preliminary 7"]
[Site "Lechenicher SchachServer"]
[Date "2011.06.11"]
[Round "?"]
[White "Pauk, Jozef"]
[Black "Potemri, Stefan"]
[Result "0-1"]
[WhiteElo "996"]
[BlackElo "1692"]
[PlyCount "54"]
[EventDate "2011.06.12"]

1. e4 e5 2. Nf3 Nc6 3. c3 Nf6 4. d3 h6 5. Be2 d5 6. exd5 Qxd5 7. c4 Qd6 8. O-O
Bf5 9. a3 O-O-O 10. Nc3 Bxd3 11. Be3 Bxe2 12. Qxe2 e4 13. Nb5 Qd3 14. Qxd3 Rxd3
15. Nd2 Bc5 16. Bf4 e3 17. fxe3 Rxd2 18. b4 Be7 19. Bxc7 a6 20. Rad1 Rxd1 21.
Rxd1 axb5 22. cxb5 Kxc7 23. Rc1 Ra8 24. bxc6 Rxa3 25. b5 Rxe3 26. b6+ Kc8 27.
c7 Rb3 0-1

[Event "Tashkent zt 3.4 (Women)"]
[Site "Tashkent"]
[Date "2011.06.09"]
[Round "2"]
[White "Nasriddinzoda, Marvorii"]
[Black "Sabirova, Olga"]
[Result "1-0"]
[WhiteElo "2011"]
[BlackElo "2225"]
[PlyCount "109"]
[EventDate "2011.06.08"]
[EventType "swiss"]
[EventRounds "9"]
[EventCountry "UZB"]
[SourceTitle "CBM 142 Extra"]
[Source "ChessBase"]
[SourceDate "2011.06.27"]
[SourceVersion "1"]
[SourceVersionDate "2011.06.27"]
[SourceQuality "1"]

1. e4 e5 2. Nf3 Nc6 3. c3 Nf6 4. d4 d5 5. Bb5 exd4 6. Nxd4 Bd7 7. Bxc6 bxc6 8.
e5 Ne4 9. O-O Be7 10. f3 Nc5 11. f4 f5 12. b4 Ne4 13. e6 Bc8 14. Nxf5 O-O 15.
Qg4 g6 16. Nh6+ Kg7 17. f5 Ba6 18. Rf3 Be2 19. Nf7 Rxf7 20. exf7 Bxf3 21. Qxf3
Bf6 22. fxg6 hxg6 23. a3 Qe7 24. Bb2 Rf8 25. Qd3 Rxf7 26. Nd2 Nxd2 27. Qxd2 Bg5
28. c4+ Kh7 29. Qe1 Qe3+ 30. Kh1 Rf2 31. Qc3 Qxc3 32. Bxc3 Rc2 33. Bd4 Rxc4 34.
Bxa7 Kg7 35. g3 Kf6 36. Bc5 Bd2 37. Rd1 Bc3 38. Kg2 Ke5 39. Kf3 Re4 40. Rd3 Be1
41. Re3 Bd2 42. Rxe4+ dxe4+ 43. Ke2 Bc1 44. a4 Ke6 45. h4 Kd7 46. g4 Kc8 47. h5
gxh5 48. gxh5 Bf4 49. Bf8 Kb7 50. h6 c5 51. h7 Be5 52. Bxc5 Kc6 53. Ke3 Kd5 54.
a5 Kc6 55. Bd4 1-0